| 000 | 00667nam a2200253 a 4500 | ||
|---|---|---|---|
| 999 |
_c8402 _d8402 |
||
| 001 | 8402 | ||
| 003 | BD-JhCC | ||
| 005 | 20180222180910.0 | ||
| 008 | 180222s1975 bg a|||| |||| 000 0 eng d | ||
| 035 | _a(BD-JhCC)8402 | ||
| 040 |
_aBD-JhCC _dBD-JhCC |
||
| 041 | _aeng | ||
| 082 |
_a538 _bRAF 1975 |
||
| 100 | _aRafiqullah, A. K. | ||
| 245 |
_aConcepts of Electricity and Magnetism / _bA. K. Rafiqullah, A. K. Roy & M. S. Huq, |
||
| 250 | _a2nd Edi. | ||
| 260 |
_aDhaka : _bStudents Publications, _c1975. |
||
| 300 |
_aiv, 515 p. : _bill _c22 cm. |
||
| 650 | _aMagnetism | ||
| 700 | _aRoy, A. K. | ||
| 700 | _aHuq, M. S. | ||
| 942 |
_2ddc _cBK |
||